[Event "Terrassa op-B"]
[Site "Terrassa"]
[Date "1996.??.??"]
[Round "1"]
[White "Camarasa Rodriguez, Miguel"]
[Black "Garcia Mase, X."]
[Result "1-0"]
[WhiteElo "2035"]
[BlackElo "1880"]
[PlyCount "53"]
[EventDate "1996.07.??"]
[EventType "swiss"]
[EventRounds "9"]
[EventCountry "ESP"]
[SourceTitle "EXT 2002"]
[Source "ChessBase"]
[SourceDate "2001.11.25"]
[SourceVersion "1"]
[SourceVersionDate "2001.11.25"]
[SourceQuality "1"]

1. d4 Nf6 2. c4 g6 3. Nc3 Bg7 4. e4 d6 5. f3 0-0 6. Be3 c6 7. Qd2 Nbd7 8. 0-0-0 e5 9. d5 a6 10. dxc6 bxc6 11. Qxd6 Re8 12. g4 Re6 13. Qd2 Qa5 14. h4 Rb8 15. h5 Bf8 16. Kc2 Rd6 17. Qc1 Rxd1 18. Qxd1 Nc5 19. Bxc5 Bxc5 20. hxg6 hxg6 21. Bd3 Qb6 22. Na4 Qb4 23. b3 Bd4 24. Ne2 Qa3 25. Nac3 Nd7 26. Qd2 Nc5 27. Qh6 1-0

[Event "Terrassa op-B"]
[Site "Terrassa"]
[Date "1996.??.??"]
[Round "5"]
[White "Garcia Mase, X."]
[Black "Cortes Ventura, Joaquim"]
[Result "0-1"]
[WhiteElo "1880"]
[BlackElo "1980"]
[PlyCount "62"]
[EventDate "1996.07.??"]
[EventType "swiss"]
[EventRounds "9"]
[EventCountry "ESP"]
[SourceTitle "EXT 2002"]
[Source "ChessBase"]
[SourceDate "2001.11.25"]
[SourceVersion "1"]
[SourceVersionDate "2001.11.25"]
[SourceQuality "1"]

1. e4 c5 2. Nf3 e6 3. d4 cxd4 4. Nxd4 Nf6 5. Nc3 Nc6 6. Be2 Bb4 7. 0-0 Bxc3 8. bxc3 Nxe4 9. Qd3 d5 10. Bf3 Ne5 11. Qb5+ Bd7 12. Qb4 a5 13. Qa3 Nc4 14. Qb3 Ra6 15. Bxe4 Rb6 16. Bd3 Rxb3 17. cxb3 Ne5 18. Be2 0-0 19. f4 Nc6 20. Be3 Nxd4 21. Bxd4 Qc7 22. Bd3 f6 23. Rae1 Re8 24. Rf3 e5 25. fxe5 fxe5 26. Bf5 exd4 27. Rxe8+ Bxe8 28. Be6+ Bf7 29. Rxf7 Qd6 30. Re7+ Kf8 31. Rf7+ Ke8 0-1

[Event "Terrassa op-B"]
[Site "Terrassa"]
[Date "1996.??.??"]
[Round "7"]
[White "Trafi Guillaume, Joaquin"]
[Black "Garcia Mase, X."]
[Result "1-0"]
[WhiteElo "1960"]
[BlackElo "1880"]
[PlyCount "68"]
[EventDate "1996.07.??"]
[EventType "swiss"]
[EventRounds "9"]
[EventCountry "ESP"]
[SourceTitle "EXT 2002"]
[Source "ChessBase"]
[SourceDate "2001.11.25"]
[SourceVersion "1"]
[SourceVersionDate "2001.11.25"]
[SourceQuality "1"]

1. e4 c5 2. Nf3 d6 3. d4 cxd4 4. Nxd4 Nf6 5. Nc3 a6 6. Bc4 e6 7. Be3 Be7 8. 0-0 Qc7 9. Bb3 Nc6 10. Re1 0-0 11. a3 Na5 12. Ba2 Nc4 13. Qe2 Nxb2 14. Bd2 b5 15. Rab1 Na4 16. Nxa4 bxa4 17. c4 Bd7 18. Qd3 Rfb8 19. Qg3 e5 20. Nf5 Bxf5 21. exf5 Rxb1 22. Rxb1 Rb8 23. Qd3 Rxb1+ 24. Qxb1 g6 25. fxg6 d5 26. gxf7+ Kg7 27. cxd5 Bxa3 28. Qd3 Qd6 29. f8Q+ Kxf8 30. Qf3 Ke7 31. Bg5 Bb2 32. Qf5 Bd4 33. Qxh7+ Ke8 34. Qg6+ Kd7 1-0